| 000 | 00962nam a2200253 a 4500 | ||
|---|---|---|---|
| 001 | 000023813 | ||
| 005 | 20200930022502.0 | ||
| 008 | 110113s1998 sp a r 000 | spa d | ||
| 020 | _a8441404674 | ||
| 040 |
_aDO-SdBNP _bspa _cBNPHU |
||
| 041 | 1 | 7 |
_aeng _hspa |
| 082 |
_a616.12 _bP361c |
||
| 100 | 1 |
_aPearsall, Paul _949018 |
|
| 245 | 1 | 3 |
_aEl Código del corazón : _bextrayendo la sabiduría de la energía de nuestro corazón / _cPaul Pearsall ; traducido por Mariano Vázquez. |
| 260 |
_aMadrid : _bEdaf, _c1998. |
||
| 300 |
_a364 p. ; _c23 cm. |
||
| 490 | 1 |
_aTemas de Superación Personal _v76 |
|
| 500 | _aIncluye referencias bibliográficas y notas al pie de las páginas | ||
| 505 | 0 |
_aTítulo original : _tThe heart's code : tapping the wisdom and power of our heart energy. |
|
| 650 | 4 |
_aEnfermedades cardíacas _918206 |
|
| 650 | 4 |
_aCorazón _93562 |
|
| 700 | 1 |
_aVázquez, Mariano, _etr. _949019 |
|
| 830 | 0 |
_aTemas de Superación Personal _n76 _949020 |
|
| 999 |
_c23309 _d23309 |
||